| 000 | 00000nam##2200000za#4500 |
| 001 | 9.572810 |
| 003 | CaOODSP |
| 005 | 20210624183410 |
| 007 | cr ||||||||||| |
| 008 | 150406|2001||||xxc|||||o f|0| 0 eng|d |
| 040 | |aCaOODSP|beng |
| 043 | |an-cn--- |
| 086 | 1 |aM92-215/2001E-PDF |
| 110 | 1 |aCanada. |bNatural Resources Canada. |
| 245 | 10|aValley Truss & Metal Ltd., converting on-site wood waste into economic space heating |h[electronic resource] |
| 260 | |aOttawa - Ontario : |bNatural Resources Canada |c2001. |
| 300 | |a6p.|bcoloured illus., glossary, photographs |
| 490 | 1 |aCase study. Biomass combustion systems |vSpring 2001 |
| 500 | |aThe catalogue number (M92-215/2001E) and ISBN (0-662-30283-4) for the print edition have been incorrectly copied in this electronic publication. |
| 590 | |a12-02-Supp|b2012-01-20 |
| 775 | 08|tValley Truss & Metal Ltd., transformation des déchets de bois en combustible de chauffage économique |w(CaOODSP)9.603076 |
| 776 | 0#|tValley Truss & Metal Ltd.: converting on-site wood waste into economic space heating : |w(CaOODSP)9.615567 |
| 830 | #0|aCase study. Biomass combustion systems ;|vSpring 2001|w(CaOODSP)9.504926 |
| 856 | 40|ahttp://publications.gc.ca|qPDF|s564 KB|uhttps://publications.gc.ca/collections/Collection/M92-215-2001E.pdf|ySpring 2001 |